<?xml version="1.0" encoding="UTF-8"?><collection xmlns="info:lc/xmlns/marcxchange-v2"><record format="Unimarc" type="bibliographic"><leader>00741cam  2200217   450 </leader><controlfield tag="001">1780574</controlfield><controlfield tag="003">http://id.bnportugal.gov.pt/bib/porbase/1780574</controlfield><controlfield tag="005">20030601095900.0</controlfield><datafield ind1=" " ind2=" " tag="010"><subfield code="a">1-55558-063-7</subfield><subfield code="d">Digital Equipment, Lda.: PTE 5800</subfield></datafield><datafield ind1=" " ind2=" " tag="035"><subfield code="6">88218</subfield></datafield><datafield ind1=" " ind2=" " tag="095"><subfield code="a">PTBN00901823</subfield></datafield><datafield ind1=" " ind2=" " tag="100"><subfield code="a">19930707d1991    k  y0pory0103    ba</subfield></datafield><datafield ind1="0" ind2=" " tag="101"><subfield code="a">eng</subfield></datafield><datafield ind1=" " ind2=" " tag="102"><subfield code="a">US</subfield></datafield><datafield ind1="1" ind2=" " tag="200"><subfield code="a">Digital guide to developing international software</subfield><subfield code="f">Cynthia Hartman Kennelly</subfield></datafield><datafield ind1=" " ind2=" " tag="210"><subfield code="a">Bedford</subfield><subfield code="c">Digital Press</subfield><subfield code="d">1991</subfield></datafield><datafield ind1=" " ind2=" " tag="215"><subfield code="a">381 p.</subfield><subfield code="c">fig.</subfield><subfield code="d">23 cm</subfield></datafield><datafield ind1=" " ind2=" " tag="675"><subfield code="a">681.3(043.2)</subfield><subfield code="v">med</subfield><subfield code="z">fre</subfield><subfield code="3">300199</subfield></datafield><datafield ind1=" " ind2="1" tag="700"><subfield code="a">Kennelly</subfield><subfield code="b">Cynthia Hartman</subfield><subfield code="3">690265</subfield></datafield><datafield ind1=" " ind2="0" tag="801"><subfield code="a">PT</subfield><subfield code="b">BN</subfield><subfield code="g">RPC</subfield></datafield><datafield ind1=" " ind2=" " tag="977"><subfield code="1">681.3.06 KEN d</subfield><subfield code="2">coop</subfield><subfield code="4">UEBIB</subfield><subfield code="6">mq1097380</subfield><subfield code="7">bc</subfield><subfield code="8">coop</subfield><subfield code="9">UEBIB</subfield><subfield code="b">57 961</subfield><subfield code="k">0</subfield></datafield><datafield ind1=" " ind2=" " tag="977"><subfield code="1">VERNEY M68/681.3.06 KEN d</subfield><subfield code="2">coop</subfield><subfield code="4">UEBIB</subfield><subfield code="6">mq2875184</subfield><subfield code="7">bc</subfield><subfield code="8">coop</subfield><subfield code="9">UEBIB</subfield><subfield code="k">0</subfield></datafield><datafield ind1=" " ind2=" " tag="998"><subfield code="a">EBI4-759</subfield></datafield></record></collection>